000
00238nam a22001097a 4500
041
_a
eng
080
_a
80
100
_a
Alptekin, P., Nolasco, R.
245
_a
Window On the World. GrandPrB.1
650
_a
English Practice
999
_c
279925
_d
279925
942
_c
BK